000 004580000a22001930004500
003 LK-CoMWRAF
005 20231015075415.0
008 230817t ||||| |||| 00| 0 eng d
020 _a0140282149
040 _aLK-CoMWRAF
_dLK-CoMWRAF
_eLK-CoMWRAF
041 _aeng
082 _a823
_bSEL
100 _aSelvadurai, Shyam
245 _aCinnamon gardens
260 _aIndia :
_bPenguin,
_c1998
300 _a389p
650 _aEnglish Fiction
942 _cBK
999 _c717
_d717